| 000 | 00342nam a2200145Ia 4500 | ||
|---|---|---|---|
| 008 | 191201s2011 xx 000 0 und d | ||
| 082 |
_a331.1 _bMIC |
||
| 100 | _aAHUJA,Shagun | ||
| 245 | 0 | _aCorporate accounting sem III | |
| 250 | _aIst | ||
| 260 |
_aN.Delhi _bV K Enterprises _c2011 |
||
| 300 | _a8.56 | ||
| 650 | _aBBA | ||
| 942 |
_2ddc _cBK _01 |
||
| 999 |
_c4856 _d4856 |
||